000 00563nam a22001697a 4500
003 OSt
005 20171010095536.0
008 121015t xxu||||| |||| 00| 0 eng d
040 _aMMSU
_cULS
100 _aLived, Bobby Y.
_913583
245 _aOn the Job Training (OJT) in Agricultural Engineering
_cBobby Y. Lived
260 _c2008
300 _axvi, [151] leaves
_c28 cm.
500 _aThesis (BS Agricultural Engineering) -- Mariano Marcos State University-College of Engineering, Batac City
504 _aBibliography: leaf [71]
942 _2ddc
_cTHEDIS
999 _c9840
_d9840